000 00448nam a2200169Ia 4500
005 20250508153918.0
008 008 250505s9999 xx 000 0 eng d
037 _aBooks to be hide in OPAC
040 _aFEDL
_beng
_cFEDL
041 _aeng
_2eng
084 _a379.45482, MAD/O
_qFEDL
245 0 _aMadras educational rules
260 _c1920
300 _a67p.
942 _cHB
_h379.45482, MAD/O
999 _c1346325
_d1346325